Unlock the Final Answer - Roblox Doors - Statistics

General Stats
  • This quiz has been taken 21 times
  • The average score is 8 of 31
Answer Stats
Hint Answer % Correct
Hints to the code in room 50 Books
86%
It rings, and the figure gets VERY mad Alarm Clock
79%
Numbered -50 to 200 Doors
64%
Badges players earn by doing specific things Achievements
57%
Money! Gold
50%
Key to a specific room within door 100 Electrical Room Key
43%
Rush, but worse Ambush
36%
Mystery Item: Bandage
36%
"Sometimes I like to knock on the walls, scare the pants off the humans. So funny, düd" El Goblino
36%
Mystery Creature: Lookman
36%
This room is always locked - First door of the hotel 001
29%
First door to open in the Backdoor -50
29%
The clock struck 12 Dread
29%
Puts the numbers in order to open the door in room 50 Note
29%
Run as fast as you can Seek
29%
Long, safe room. You can finally feel the rain on your face. 089
21%
Introduction and minecart room in the Mines 101
21%
Nothing happens... unless drugs are involved Bob
21%
One of the three architects Guiding Light
21%
Look out the window Sally
21%
How many deaths does it take to get the "One of many" achievement? 1
0%
Storage room. Found in the Backdoor -51
0%
When is it possible to get the "Queen's Gambit" achievement in the Mines? Door 150
0%
Room that is guaranteed at the mystery number: Greenhouse
0%
What entity pushes you out of its closet/locker to give you the achievement "Eviction Notice"? Hide
0%
To obtain the achievement "Supporting Small Businesses," who do you buy items from? Jeff
0%
Mystery Answer: NO TIME LEFT
0%
What does Screech say so that you can find it and get the "I See You" achievement? Psst...
0%
What do you preserve items in to get the "Interconnected" achievement? The Rift
0%
Who gives you the achievement "Bug Zapper" when he gets crucified? Timothy
0%
What do you use the crucifix against to get the "Time Out" achievement? Haste
0%
No matching quizzes found
Score Distribution
Percent of People with Each Score
Percentile by Number Answered
Your Score History
You have not taken this quiz